000 01749cam a22005294a 4500
001 50003
005 20230410103843.0
008 050830s2004 ko ab 001 0 eng
010 _a 2005446213
035 _a(OCoLC)ocm62379192
040 _aDLC
_cDLC
_dSTF
_dMUQ
_dNLGGC
_dCOO
_dBTCTA
020 _a8971991879
020 _a9788971991879
029 1 _aNLGGC
_b291421156
029 1 _aNZ1
_b10759222
035 _a(OCoLC)62379192
041 1 _aeng
_hkor
042 _apcc
043 _aa-kr---
050 1 4 _a409 DS 913.39
_bS556j 2004
049 _aGRAL
100 1 _aShin, Myæong-ho,
_d1965-
245 1 0 _aJoseon royal court culture :
_bceremonial and daily life /
_cby Shin Myung-ho ; translated by Timothy V. Atkinson.
250 _aEng. ed.
260 _aPaju-si, Gyeonggi-do, Korea :
_bDolbegae Publishers,
_c2004.
300 _a307 p. :
_bill. (chiefly col.), maps ;
_c23 cm.
490 1 _aDiscovery of Korean culture
500 _aTranslation of: Chosæon wangsil æui æuirye wa saenghwal, kungjung munhwa.
500 _aIncludes index.
651 0 _aKorea
_xKings and rulers.
650 0 _aQueens
_zKorea.
651 0 _aRoyal Houses
_zKorea
_xHistory.
650 0 _aRites and ceremonies
_zKorea.
651 0 _aKorea
_xSocial life and customs
_y1392-1910.
650 6 _aRites et cérémonies
_zCorée.
651 6 _aCorée
_xCour et courtisans.
651 6 _aCorée
_xRois et souverains.
651 6 _aCorée
_xCivilisation
_y1392-1910.
650 1 7 _aHofcultuur.
_2gtt
650 1 7 _aCeremonièen.
_2gtt
650 1 7 _aDagelijks leven.
_2gtt
830 0 _aT°ema Han®guk munhwasa.
_lEnglish.
938 _aBaker and Taylor
_bBTCP
_n2005446213
942 _2lcc
_cbk
994 _aC0
_bDRFGD
946 _aLspaulino
999 _c27120
_d27120